Top 10 Countries based on their education Quiz Stats

Quiz not verified by Sporcle

Challenge
Share
Tweet
Embed
Score 0/10 Timer 04:00
0 Plays Today
# Countries % Correct
5Japan
90.8%
9Norway
88.8%
2Finland
86.7%
3Canada
85.7%
7The Netherlands
79.6%
6Australia
78.6%
1South Korea
73.5%
4New Zealand
72.4%
8Belgium
72.4%
10Estonia
27.6%

You're not logged in!

Compare scores with friends on all Sporcle quizzes.
Sign Up with Email
OR
Log In

You Might Also Like...

Show Comments

Extras

Top Quizzes Today


Score Distribution

Your Account Isn't Verified!

In order to create a playlist on Sporcle, you need to verify the email address you used during registration. Go to your Sporcle Settings to finish the process.